000 00643nam a22002417a 4500
001 14370
003 BD-JhCC
005 20250730100955.0
008 250730b |||||||| |||| 00| 0 eng d
020 _a9780141397924
035 _a(BD-JhCC) 14370
040 _aBD-JhCC
_dBD-JhCC
041 _aeng
082 _223
_a823
_bSUE
100 _aSuetonius
245 _aCaligula /
_cSuetonius, Translated by Robert Graves
260 _aIndia:
_bPenguin Classics,
_c2015
300 _a57 p.;
_c16 cm.
_ePaper binding
490 _aPenguin Little Black Classics,
_v17
650 _aEnglish Fiction
700 _aGraves,Robert
942 _2ddc
_cBK
999 _c14370
_d14370